PODMIENKY PLATNÉ PRE SLOVENSKÝCH OBČANOV PRI POSKYTOVANÍ OPATROVATEĽSKEJ SLUŽBY V RAKÚSKU A OBSAH OPATROVATEĽSKEJ ZMLUVY

Bibliographic Details
Main Authors: Repková, Kvetoslava, 1959- (Author), Brichtová, Lýdia (Author)
Format: Article
Language:Slovak

MARC

LEADER 00000nab a2200000uu 4500
001 vtls010905887
003 SK-MaSNL
005 20260303120850.0
008 230131|2008 xo |||||||||||||||||slo|
015 |a SNBRB 
035 |a (urnnbn)urn:nbn:sk:snk:ar-a07v49 
035 |a (uuid)f0f0ac01-4ebb-4b09-84b7-b9b9a348942e 
035 |a urn:nbn:sk:snk-ab8wd0 
040 |a SNKBUCL  |b slo  |c SNKBUCL  |e AACR2 
041 0 |a slo 
044 |a xo  |c SK 
100 1 |a Repková, Kvetoslava,  |d 1959-  |4 aut  |9 209625 
245 1 0 |a PODMIENKY PLATNÉ PRE SLOVENSKÝCH OBČANOV PRI POSKYTOVANÍ OPATROVATEĽSKEJ SLUŽBY V RAKÚSKU A OBSAH OPATROVATEĽSKEJ ZMLUVY  |c Kvetoslava Repková, Lýdia Brichtová 
700 1 |a Brichtová, Lýdia  |4 aut  |9 327710 
773 0 |t Príjmy a mzdy : odborný časopis pre mzdové a personálne útvary  |g Roč. 9, č. 3-4 (2008), s. 78-81 
954 |a odborná, vedecká literatúra pôvodná (slovenská)  |2 lita 
958 |a OND 
958 |a EUIPO 
958 |a article10 
999 |c 1912413  |d 1914343